[Event "Cto. Navarra Absoluto por Equipos 2018"]
[Site "?"]
[Date "2018.11.03"]
[Round "4"]
[White "Lajas Obregon, Juan Carlos"]
[Black "Pascual Garcia, Martin"]
[Result "1-0"]
[EventDate "2018.10.13"]
[WhiteElo "1697"]
[BlackElo "1856"]

1.d4 Nf6 2.Nf3 d5 3.g3 c5 4.Bg2 e6 5.O-O Bd6 6.c4 O-O 7.dxc5 Bxc5 8.cxd5 exd5
9.Qb3 Nc6 10.Bg5 Re8 11.a3 h6 12.Bxf6 Qxf6 13.e3 d4 14.exd4 Bxd4 15.Nc3 Bg4
16.Nxd4 Nxd4 17.Qxb7 Rab8 18.Qxa7 Rxb2 19.Nd5 Nf3 20.Kh1 Qd6 21.Ne3 Re7 22.Qa4
Bd7 23.Qa8 Kh7 24.Qxf3 Rb3 25.Qd5 Qb8 26.Nf5 Rb5 27.Qd6 Qxd6 28.Nxd6 Rb2 29.Nc4
Rc2 30.Ne3 Rc5 31.a4 Ra5 32.Rfd1 Rxa4 33.Rxa4 Bxa4 34.Ra1 Bb5 35.h4 g6 36.Rb1
Re5 37.Rb2 Kg7 38.Rd2 Re6 39.Kh2 Rf6 40.Rb2 Ba6 41.Nd5 Rd6 42.Rb6 Rxb6 43.Nxb6
g5 44.hxg5 hxg5 45.Nd5 Bd3 46.Bh3 f6 47.Ne3 Kf7 48.Bf5 Be2 49.Kg2 Bb5 50.Kf3 Bc6
51.Ke2 Bb5 52.Kd2 Bc6 53.Kc3 Ke7 54.Kd4 Kd6 55.Ng4 Ke7 56.Kc5 Bf3 57.Ne3 Be2
58.Nd5 Kf7 59.Kd6 Bf1 60.Be6 Kg6 61.Ke7 f5 62.Ne3 Bd3 63.Bf7 Kg7 64.Bd5 Kg6
65.Ke6 Bb1 66.Bc6 f4 67.gxf4 gxf4 68.Nd1 Kg5 69.Bf3 Bc2 70.Nc3 Bg6 71.Ke5 Bd3
72.Nd5 Bc4 73.Nxf4 Bb5 74.Ne6 Kg6 75.Be4 Kf7 76.f4 Bd7 77.Ng5 Ke7 78.Bd5 Be8
79.f5 Bh5 80.Ne4 Kf8 81.Nd6 Bg4 82.f6 Be2 83.Nc4 Bd1 84.Nb6 Bg4 85.Kd6 Bh3
86.Nc4 Bd7 87.Ne5 Be8 88.Be6 Bh5 89.Nd7 Ke8 90.Ne5 Kf8 91.Kd7 Bf7 92.Nxf7 Kg8
93.Ke8 Kh7 94.Ne5 1-0

[Event "Cto. Navarra Absoluto por Equipos 2018"]
[Site "?"]
[Date "2018.11.03"]
[Round "4"]
[White "Atipov Hadzhiev, Cristian"]
[Black "Roldan Marques, Marta"]
[Result "1/2-1/2"]
[EventDate "2018.10.13"]
[WhiteElo "1726"]
[BlackElo "1691"]

1.e4 e5 2.Nf3 Nc6 3.Nc3 Nf6 4.d4 exd4 5.Nxd4 Bb4 6.Nxc6 bxc6 7.Bd3 h6 8.O-O O-O
9.Bd2 d5 10.Nxd5 Nxd5 11.exd5 Bxd2 12.Qxd2 cxd5 13.Rad1 Qf6 14.b3 c6 15.Be2 Qb2
16.c4 Qxd2 17.Rxd2 Be6 18.cxd5 Bxd5 19.f4 Rad8 20.Rfd1 Rd6 21.Bc4 Rfd8 22.b4 Kf8
23.Bxd5 cxd5 24.Rd4 Ke7 25.Kf2 Ke6 26.Re1 Kd7 27.Red1 1/2-1/2

[Event "Cto. Navarra Absoluto por Equipos 2018"]
[Site "?"]
[Date "2018.11.03"]
[Round "4"]
[White "Romano Garcia, Ivan"]
[Black "Mugica Arratibel, Daniel"]
[Result "0-1"]
[EventDate "2018.10.13"]
[WhiteElo "1559"]
[BlackElo "1642"]

1.d4 d5 2.c4 c6 3.cxd5 cxd5 4.Bf4 Qb6 5.Qc2 Nc6 6.e3 Bf5 7.Qxf5 Qxb2 8.Nf3 e6
9.Qd3 Qxa1 10.Qb3 Bb4 11.Nfd2 Nf6 12.Bd3 Bxd2 13.Kxd2 O-O 14.Rc1 Na5 15.Qa3 Ne4
16.Bxe4 dxe4 17.Kd1 Rfc8 18.Nc3 Nc4 19.Qb3 Qb2 20.Nxe4 Qxc1 21.Kxc1 Na5 22.Qc2
Rxc2 23.Kxc2 Rc8 24.Kd3 b6 25.Bd6 Nc4 26.Bb4 a5 27.Bc3 Kf8 28.g3 h6 29.h4 f5
30.Nd2 Nxd2 31.Bxd2 g5 32.e4 fxe4 33.Kxe4 Rc2 34.Be3 Rxa2 35.hxg5 hxg5 36.Kf3
Ra3 37.Kg4 Rxe3 38.fxe3 a4 39.Kxg5 a3 40.Kg6 a2 41.g4 a1=Q 42.g5 Qa5 43.e4 0-1

[Event "Cto. Navarra Absoluto por Equipos 2018"]
[Site "?"]
[Date "2018.11.03"]
[Round "4"]
[White "Mugica Arratibel, Pablo"]
[Black "Oliva Burgos, Ignacio"]
[Result "1/2-1/2"]
[EventDate "2018.10.13"]
[WhiteElo "1406"]
[BlackElo "1546"]

1.e4 c5 2.Nc3 Nc6 3.Nf3 g6 4.Bc4 Bg7 5.d3 e6 6.Bf4 Nge7 7.Qd2 d5 8.exd5 exd5
9.Bb5 O-O 10.Bxc6 Nxc6 11.O-O Be6 12.Bh6 d4 13.Ne4 b6 14.Qf4 Bd5 15.Rfe1 Nb4
16.Bxg7 Kxg7 17.Re2 Re8 18.a3 Bxe4 19.Rxe4 Nd5 20.Rxe8 Nxf4 21.Rxd8 Rxd8 22.Re1
Ne6 23.Ne5 Rc8 24.Nc4 Kf8 25.b4 Rc7 26.bxc5 Rxc5 27.a4 Ke7 28.Re5 Rxe5 29.Nxe5
Kd6 30.Nxf7 Kc5 31.Ne5 Kb4 32.Nc6 Kxa4 33.Nxa7 Ka3 34.Nc6 Kb2 35.Nb4 Nc7 36.Kf1
Kc3 37.Nc6 Ne6 38.g3 Kxc2 39.Ke2 b5 40.Nb4 Kb3 41.Nd5 b4 42.Kd2 Ka3 43.Kc1 b3
44.Kb1 Nc5 45.Nc7 Na4 46.Nb5 Kb4 47.Nxd4 Kc3 48.Ne2 Kxd3 49.Nc1 Kc3 50.Ne2 Kb4
51.Nd4 b2 52.f4 Kc4 53.Ne6 Kb3 54.Nd4 Ka3 55.Nb5 Kb4 56.Nc7 Kb3 57.Nd5 Nc3
58.Nxc3 Kxc3 59.g4 Kd4 60.f5 gxf5 61.gxf5 Ke5 62.f6 Kxf6 63.Kxb2 Kg5 64.Kc2 Kh4
65.Kd3 Kh3 66.Ke4 Kg4 67.Ke3 Kh3 68.Kf4 h5 69.Kg5 h4 70.Kh5 1/2-1/2

[Event "Cto. Navarra Absoluto por Equipos 2018"]
[Site "?"]
[Date "2018.11.03"]
[Round "4"]
[White "Soler Huguet, Carlos Francisco"]
[Black "Sanchez Salazar, Kiko"]
[Result "1/2-1/2"]
[EventDate "2018.10.13"]
[WhiteElo "1749"]
[BlackElo "1878"]

1.e4 e5 2.Nf3 Nc6 3.Bc4 Bc5 4.c3 Nf6 5.d4 exd4 6.e5 Ng8 7.O-O d5 8.exd6 Bxd6
9.Re1 Nce7 10.Ng5 Nh6 11.Ne4 Bf5 12.Qxd4 Bxe4 13.Bxh6 Bg6 14.Bxg7 Rg8 15.Bf6 Qd7
16.Na3 O-O-O 17.Bf1 Nc6 18.Qh4 Rde8 19.Nb5 Be5 20.Nd4 Nxd4 21.cxd4 Bd6 22.g3 Bf5
23.Bg2 Qb5 24.Qh5 Qd7 25.Re3 Rxe3 26.fxe3 Qe6 27.e4 Qxf6 28.Qxf5 Qxf5 29.exf5 c6
30.Re1 Kd7 31.Re4 f6 32.Re6 Rf8 33.Kf2 b6 34.d5 cxd5 35.Bxd5 Be7 36.b3 Rc8
37.Bc4 Rc5 38.Kf3 {ilegible} 1/2-1/2

[Event "Cto. Navarra Absoluto por Equipos 2018"]
[Site "?"]
[Date "2018.11.03"]
[Round "4"]
[White "Tunon Gonzalo, Eduardo"]
[Black "Sanjuan Ruperez, Jorge"]
[Result "1-0"]
[EventDate "2018.10.13"]
[WhiteElo "1620"]
[BlackElo "1735"]

1.e4 e5 2.Nf3 Nc6 3.d4 exd4 4.Nxd4 Nf6 5.Nc3 Bb4 6.Nxc6 bxc6 7.Bc4 d5 8.exd5
cxd5 9.Bb5 Bd7 10.Qe2 Qe7 11.Bxd7 Nxd7 12.Qxe7 Kxe7 13.Bd2 c6 14.Nxd5 cxd5
15.Bxb4 Ke6 16.O-O-O Nb6 17.Rhe1 Kf6 18.Bc3 Kg6 19.Re3 f6 20.b3 Rhe8 21.Rde1
Rxe3 22.Rxe3 Kf7 23.Kd2 Rd8 24.Bd4 Rd7 25.a4 Nc8 26.f3 Nd6 27.g4 f5 28.h3 g6
29.Re5 Ne8 30.gxf5 g5 31.Re6 Nd6 32.Rh6 Kg8 33.Bxa7 Nxf5 34.Rf6 Nh4 35.Be3 h6
36.Bf2 Kg7 37.Bd4 Kh7 38.a5 Ng6 39.a6 Ne7 40.a7 1-0

[Event "Cto. Navarra Absoluto por Equipos 2018"]
[Site "?"]
[Date "2018.11.03"]
[Round "4"]
[White "Anton Agramonte, Angel Luis"]
[Black "Lopez Garcia, Manu"]
[Result "1-0"]
[EventDate "2018.10.13"]
[WhiteElo "1734"]
[BlackElo "1475"]

1.d4 Nf6 2.Nf3 g6 3.g3 Bg7 4.Bg2 O-O 5.O-O d6 6.c4 Nbd7 7.Nc3 c5 8.Re1 Ng4 9.h3
cxd4 10.Nb5 Nge5 11.Nfxd4 a6 12.Na3 Qc7 13.Bg5 Re8 14.Rc1 Nc6 15.Be3 e5 16.Ndb5
axb5 17.cxb5 Ndb8 18.bxc6 Nxc6 19.Qc2 Bd7 20.Red1 Bf8 21.h4 Rec8 22.h5 Qd8
23.hxg6 hxg6 24.Bd5 Nb4 25.Qxg6 Kh8 26.Qh5 Bh6 27.Qxh6 Kg8 28.Qg6 Kh8 29.Qh5 Kg8
30.Bxf7 Kg7 31.Bh6 Kh8 32.Bf8 1-0

[Event "Cto. Navarra Absoluto por Equipos 2018"]
[Site "?"]
[Date "2018.11.03"]
[Round "4"]
[White "Adrian Abad, Miguel"]
[Black "Rodes Martinez, Francisco Javier"]
[Result "1/2-1/2"]
[EventDate "2018.10.13"]
[WhiteElo "1409"]
[BlackElo "1654"]

1.d4 Nf6 2.c4 e6 3.Nf3 d5 4.g3 Be7 5.Bg2 O-O 6.cxd5 exd5 7.O-O Be6 8.Nc3 Nbd7
9.Ng5 c6 10.Nxe6 fxe6 11.Qb3 Qb6 12.Qd1 e5 13.dxe5 Nxe5 14.Be3 Qd8 15.Bd4 Bd6
16.Qb3 Qe7 17.e4 Nc4 18.Rfe1 Nd2 19.Qc2 Ndxe4 20.Bxf6 Qxf6 21.Nxe4 dxe4 22.Bxe4
1/2-1/2

[Event "Cto. Navarra Absoluto por Equipos 2018"]
[Site "?"]
[Date "2018.11.03"]
[Round "4"]
[White "Zubicoa Aznar, Santiago"]
[Black "Arbeloa Sanchez, Julen"]
[Result "1-0"]
[EventDate "2018.10.13"]
[WhiteElo "1616"]
[BlackElo "1347"]

1.e4 d5 2.exd5 Qxd5 3.Nc3 Qa5 4.d4 c6 5.Bd3 Nf6 6.Bd2 Qc7 7.Nge2 Nbd7 8.Bf4 e5
9.dxe5 Nxe5 10.Ne4 Nh5 11.Be3 Nxd3 12.Qxd3 Bf5 13.Nf6 Nxf6 14.Qxf5 Qd7 15.Qxd7
Kxd7 16.Rd1 Bd6 17.Bf4 Ne8 18.O-O Kc7 19.Rfe1 Rd8 20.Bg5 Rd7 21.Nd4 g6 22.a4 Bc5
23.Nb3 Bb6 24.a5 Bxf2 25.Kxf2 Nd6 26.Bf4 1-0

[Event "Cto. Navarra Absoluto por Equipos 2018"]
[Site "?"]
[Date "2018.11.03"]
[Round "4"]
[White "Lopez Garcia, Inigo"]
[Black "Sola Garate, Roberto"]
[Result "0-1"]
[EventDate "2018.10.13"]
[WhiteElo "1248"]
[BlackElo "1465"]

1.e4 c5 2.Nf3 d6 3.d4 cxd4 4.c3 dxc3 5.Nxc3 e6 6.Bc4 a6 7.O-O Qc7 8.Qe2 Be7
9.Rd1 Nf6 10.Bf4 O-O 11.Rac1 Nc6 12.e5 dxe5 13.Nxe5 Nxe5 14.Bxe5 Qa5 15.a3 b5
16.Bd3 Bb7 17.Bxf6 Bxf6 18.Ne4 Bxe4 19.Qxe4 g6 20.Rc2 Rac8 21.Rxc8 Rxc8 22.Qe2
Qa4 23.Rb1 Qd4 24.b3 Rc3 25.Rd1 Qe5 26.Qa2 Rxd3 27.Qb1 Rxd1 28.Qxd1 Qd4 29.Qb1
Qb2 30.Qxb2 Bxb2 31.a4 Kf8 32.Kf1 Ke7 33.Ke2 Kd6 0-1

[Event "Cto. Navarra Absoluto por Equipos 2018"]
[Site "?"]
[Date "2018.11.10"]
[Round "5"]
[White "Argaya Urdaniz, Miguel"]
[Black "Lerendegui Lasa, Odei"]
[Result "0-1"]
[EventDate "2018.10.13"]
[WhiteElo "1928"]
[BlackElo "2121"]

1.e4 c5 2.Nf3 Nc6 3.d4 cxd4 4.Nxd4 g6 5.Nc3 Bg7 6.Nxc6 bxc6 7.Bc4 d6 8.Qf3 Nf6
9.e5 dxe5 10.Qxc6 Bd7 11.Qf3 O-O 12.O-O Qc7 13.Bd3 Bc6 14.Qe2 Qb7 15.f3 Nh5
16.Be4 Nf4 17.Qf2 f5 18.Bxc6 Qxc6 19.Be3 a5 20.a4 Ne6 21.Nb5 f4 22.Bc1 Nd4
23.Nxd4 exd4 24.Qe2 e5 25.Qd3 Rfc8 26.Rf2 Qc4 27.Qxc4 Rxc4 28.b3 Rc6 29.Ba3 Rac8
30.Ra2 Rc3 31.Rd2 Kf7 32.Kf1 g5 33.h3 h5 34.Ke1 g4 35.hxg4 hxg4 36.Rf2 g3 37.Re2
Rh8 38.Kd2 Rhc8 39.Kd1 Rd8 40.Bb2 Re3 41.Bc1 Rxe2 42.Kxe2 Ke6 43.Bd2 Ra8 44.c3
Kf5 45.cxd4 exd4 46.b4 axb4 47.Bxb4 Re8 48.Kd2 Ke5 49.a5 Kd5 50.a6 Be5 51.a7 Ra8
52.Kd3 Bc7 53.Ra6 Be5 54.Ra5 Ke6 55.Ke4 Bc7 56.Ra6 Kd7 57.Kxd4 Kc8 58.Bc5 Kb7
59.Rf6 Rd8 0-1

[Event "Cto. Navarra Absoluto por Equipos 2018"]
[Site "?"]
[Date "2018.11.10"]
[Round "5"]
[White "Anguas Fanlo, Sergio"]
[Black "Sanchez Salazar, Kiko"]
[Result "1-0"]
[EventDate "2018.10.13"]
[WhiteElo "1983"]
[BlackElo "1878"]

1.d4 d6 2.Nf3 g6 3.Bg5 Bg7 4.c3 h6 5.Bh4 f5 6.e3 Nf6 7.Bc4 d5 8.Bd3 Nc6 9.Nbd2
Be6 10.b4 Ne4 11.Qb3 O-O 12.c4 g5 13.Bg3 f4 14.cxd5 Nxd2 15.Nxd2 fxg3 16.dxe6
gxf2 17.Kf1 g4 18.Bc2 a5 19.Qd3 Rf6 20.Ne4 Nxb4 21.Nxf6 exf6 22.Qh7 Kf8 23.Bb3
Qe7 24.a3 Nc6 25.Kxf2 Rd8 26.Qg6 Rd6 27.Qxg4 Nd8 28.d5 c6 29.Rhd1 b5 30.dxc6
Nxc6 31.Rxd6 Qxd6 32.Rd1 1-0

[Event "Cto. Navarra Absoluto por Equipos 2018"]
[Site "?"]
[Date "2018.11.10"]
[Round "5"]
[White "Tunon Gonzalo, Eduardo"]
[Black "Pedchenko Zhilkov, Alexandr"]
[Result "0-1"]
[EventDate "2018.10.13"]
[WhiteElo "1620"]
[BlackElo "1907"]

1.e4 d6 2.d4 Nf6 3.Bd3 g6 4.Bg5 Bg7 5.Nf3 h6 6.Bh4 g5 7.Bg3 Nh5 8.h3 Nxg3 9.fxg3
c5 10.c3 cxd4 11.Nxd4 Qb6 12.Qc2 Bxd4 13.cxd4 Nc6 14.Na3 Nxd4 15.Qc3 e5 16.Nc4
Qc5 17.Qd2 Be6 18.Ne3 Nc6 19.Rc1 Qd4 20.Bb1 Qxd2 21.Kxd2 Kd7 22.Rc3 Nd4 23.Rhc1
Rhc8 24.Kd3 Nb5 25.Rxc8 Rxc8 26.Rxc8 Kxc8 27.g4 Nc7 28.Nf5 Bxf5 29.gxf5 f6 30.a3
d5 31.exd5 Nxd5 32.g3 Kc7 33.Kc4 Ne7 34.Be4 a6 35.a4 b6 36.g4 Nc6 37.Kd5 Nd4
38.b4 Kd7 39.a5 bxa5 40.bxa5 Nc6 41.Kc5 Nxa5 42.Kb6 Nb3 43.Bd3 Kd6 44.Bxa6 e4
45.Kb5 e3 46.Kb4 Nd4 47.Kc3 Ke5 48.Bb7 e2 49.Kd2 Kf4 0-1

[Event "Cto. Navarra Absoluto por Equipos 2018"]
[Site "?"]
[Date "2018.11.10"]
[Round "5"]
[White "Vilchez Gonzalez, Angel"]
[Black "Uriz Elizalde, Jesus"]
[Result "1-0"]
[EventDate "2018.10.13"]
[WhiteElo "1914"]
[BlackElo "1537"]

1.e4 e5 2.f4 exf4 3.Nf3 Be7 4.h4 d6 5.d4 Bg4 6.Bxf4 Bxh4 7.g3 g5 8.Bc4 Qe7 9.Qd3
gxf4 10.gxh4 f5 11.e5 Nf6 12.Nc3 Nbd7 13.O-O-O dxe5 14.dxe5 Nc5 15.exf6 Nxd3
16.Rxd3 Bxf3 17.f7 Kf8 18.Rxf3 Kg7 19.Rg1 Kh6 20.Rff1 b5 21.Bb3 c6 22.Re1 Qd8
23.Rg8 Qxh4 24.Ree8 1-0

[Event "Cto. Navarra Absoluto por Equipos 2018"]
[Site "?"]
[Date "2018.11.10"]
[Round "5"]
[White "Adrian Abad, Miguel"]
[Black "Dorregarai Iparraguirre, Leire"]
[Result "0-1"]
[EventDate "2018.10.13"]
[WhiteElo "1409"]
[BlackElo "1723"]

1.d4 g6 2.c4 Bg7 3.Nc3 d6 4.e4 Nd7 5.Be3 e5 6.d5 Ngf6 7.h3 a6 8.Nf3 Qe7 9.b4 O-O
10.Bd3 Nh5 11.Rc1 Nf4 12.Bf1 Nb8 13.Qd2 f5 14.Bxf4 exf4 15.Qxf4 fxe4 16.Qe3 Be5
17.Nxe5 Qxe5 18.Qxe4 Qf6 19.Qe3 Bd7 20.Ne4 Qe5 21.Bd3 Bf5 22.g4 Bxe4 23.Qxe4 Qf6
24.O-O Qh4 25.Kg2 Nd7 26.Rce1 Rae8 27.Qd4 Rxe1 28.Rxe1 Ne5 29.Be2 Qf6 30.Rf1 Re8
31.f4 Nxg4 32.Qxf6 Nxf6 33.Kf3 Ne4 34.Rc1 Nd2 35.Kf2 Re4 36.Rc2 Nb1 37.Kf3 Re7
38.Bd3 Kf7 39.Rb2 Nc3 40.Rc2 Nd1 41.Be4 Kf6 42.h4 Kg7 43.Rc1 Nb2 44.Rc2 Nd1
45.Rc1 Nb2 46.c5 Na4 47.cxd6 cxd6 48.Bd3 Nb6 49.Be4 Kh6 50.f5 gxf5 51.Bxf5 Nxd5
52.a3 Re3 53.Kg4 Rxa3 54.Be4 Nf6 55.Kf5 Nxe4 56.Kxe4 Rb3 57.Rc4 Rh3 58.Kd5 Rd3
59.Ke4 d5 60.Kxd3 dxc4 61.Kxc4 b6 62.Kd5 a5 63.Kc4 axb4 64.Kxb4 Kh5 65.Kb5 Kxh4
0-1

[Event "Cto. Navarra Absoluto por Equipos 2018"]
[Site "?"]
[Date "2018.11.10"]
[Round "5"]
[White "Salvatierra Alzorriz, Haizea"]
[Black "Lopez Garcia, Inigo"]
[Result "1-0"]
[EventDate "2018.10.13"]
[WhiteElo "1687"]
[BlackElo "1248"]

1.e4 d6 2.d4 Nf6 3.Nc3 g6 4.Nf3 Bg7 5.h3 O-O 6.Bd3 Nfd7 7.Be3 Nc6 8.O-O e5 9.Bb5
exd4 10.Nxd4 Nxd4 11.Bxd4 Ne5 12.f4 Nd7 13.Qd2 c6 14.Be2 c5 15.Bxg7 Kxg7 16.Qxd6
Qa5 17.f5 Rd8 18.fxg6 hxg6 19.Bc4 Rf8 20.Qe7 Kh6 21.Rxf7 Rxf7 22.Qxf7 Qb4 23.Qg8
Nb6 24.Qh8 Kg5 25.h4 Kf4 26.Qf6 Kg3 27.Ne2 Kg4 28.Qg5 1-0

[Event "Cto. Navarra Absoluto por Equipos 2018"]
[Site "?"]
[Date "2018.11.10"]
[Round "5"]
[White "Pascual Garcia, Martin"]
[Black "Soler Huguet, Carlos Francisco"]
[Result "1-0"]
[EventDate "2018.10.13"]
[WhiteElo "1856"]
[BlackElo "1749"]

1.c4 g6 2.Nc3 Bg7 3.Nf3 Nf6 4.g3 c6 5.Bg2 d6 6.O-O h5 7.b4 h4 8.Nxh4 Rxh4 9.gxh4
Nh5 10.e3 e5 11.d4 Qxh4 12.Ne4 Qe7 13.c5 dxc5 14.dxc5 Be6 15.Nd6 Kf8 16.e4 Na6
17.a3 Rd8 18.Be3 Nc7 19.a4 Ne8 20.Qe2 Nf4 21.Bxf4 exf4 22.e5 Qg5 23.Rae1 f3
24.Qxf3 Bxe5 25.h4 Qf6 26.Qxf6 Bxf6 27.Nxb7 Rd4 28.Re4 Rd2 29.Rfe1 Nc7 30.Rf4
Kg7 31.Bxc6 Nd5 32.Bxd5 Bxd5 33.Nd6 Rd3 34.Ne8 1-0

[Event "Cto. Navarra Absoluto por Equipos 2018"]
[Site "?"]
[Date "2018.11.10"]
[Round "5"]
[White "Anton Agramonte, Angel Luis"]
[Black "Galvan Perez-Ilzarbe, Alejandro"]
[Result "1/2-1/2"]
[EventDate "2018.10.13"]
[WhiteElo "1734"]
[BlackElo "1813"]

1.d4 Nf6 2.c4 Nc6 3.Nc3 e5 4.e3 exd4 5.exd4 d5 6.Nf3 Bg4 7.Be3 Bb4 8.Qb3 O-O
9.h3 Be6 10.c5 Bxc5 11.Qxb7 Na5 12.Qb5 Bb6 13.Qa4 Nc4 14.Bxc4 dxc4 15.O-O Nd5
16.Ng5 Bf5 17.Nf3 Bd3 18.Rfe1 f6 19.Qc6 Nxc3 20.bxc3 Qd6 21.Qxd6 cxd6 22.Bf4 d5
23.Re7 Rfe8 24.Rae1 Be4 25.Rxe8 Rxe8 26.Nd2 Bg6 27.Rxe8 Bxe8 28.Nf1 Ba5 29.Bd2
Kf7 30.Ne3 Ke6 31.f4 Bg6 32.Kf2 Be4 33.g3 Kd6 34.Ke1 Kc6 35.Kd1 Bb1 36.a3 Be4
37.Kc1 Kb5 38.Kb2 Ka4 39.Ka2 Bc7 40.Nd1 Bd6 41.Bc1 Bc2 42.Ne3 Bb3 43.Ka1 Bxa3
44.Bxa3 Kxa3 45.Nxd5 Ba4 46.Nc7 Kb3 47.Ne6 Kxc3 48.Nxg7 Kxd4 49.Kb2 c3 50.Kc1
Ke4 51.Nh5 Kf5 52.Ng7 Kg6 53.Ne6 a5 54.Nc5 Bc6 55.Kc2 Bg2 56.Kxc3 Bxh3 57.Nb7 a4
58.Kb4 Bd7 59.Nc5 Be8 60.g4 h5 61.gxh5 Kxh5 62.Ne4 Kg6 63.Ka3 f5 64.Nd6 Bd7
65.Kb4 Kf6 66.Nc4 Ke6 67.Ne5 Be8 68.Nf3 Kd5 69.Ng5 Kd4 70.Ka3 Ke3 71.Ne6 Bf7
72.Ng7 Kxf4 73.Nxf5 1/2-1/2

[Event "Cto. Navarra Absoluto por Equipos 2018"]
[Site "?"]
[Date "2018.11.10"]
[Round "5"]
[White "Laseca Arana, Irati"]
[Black "Rodes Martinez, Francisco Javier"]
[Result "1-0"]
[EventDate "2018.10.13"]
[WhiteElo "1792"]
[BlackElo "1654"]

1.b3 d5 2.Nf3 Bg4 3.Ne5 Bf5 4.g4 Bd7 5.h3 c5 6.Bg2 e6 7.Bb2 Nc6 8.d3 Nxe5 9.Bxe5
Bc6 10.Nd2 Nf6 11.f4 Bd6 12.Nf3 d4 13.c4 dxc3 14.e4 Bxe5 15.Nxe5 Nd7 16.Nxc6 Qh4
17.Kf1 bxc6 18.Rc1 Qg3 19.Qf3 Qxf3 20.Bxf3 e5 21.fxe5 Nxe5 22.Ke2 O-O-O 23.Rxc3
Kc7 24.Rhc1 Rd6 25.Ke3 Nxf3 26.Kxf3 Rhd8 27.Ke2 f6 28.Rxc5 Rxd3 29.Rxc6 Kb8
30.Rc8 Kb7 31.R1c7 Kb6 32.Rxd8 Rxd8 33.Rxg7 h5 34.Rf7 hxg4 35.Rxf6 Kb5 36.hxg4
Kb4 37.g5 Kc3 38.Ke3 Rg8 39.g6 1-0

[Event "Cto. Navarra Absoluto por Equipos 2018"]
[Site "?"]
[Date "2018.11.10"]
[Round "5"]
[White "Seguil Sandoval, Pedro"]
[Black "Abrisqueta Zudaire, Leyre"]
[Result "0-1"]
[EventDate "2018.10.13"]
[WhiteElo "1642"]
[BlackElo "1726"]

1.b3 d5 2.Bb2 Bg4 3.Nf3 Bxf3 4.exf3 e6 5.Nc3 Nf6 6.Qe2 c6 7.g4 Bd6 8.h4 h6 9.d4
Nbd7 10.Bc1 Qb6 11.Qd3 O-O-O 12.Be2 e5 13.Be3 Qa5 14.O-O Rde8 15.Bd2 Qd8 16.b4
e4 17.fxe4 dxe4 18.Qh3 Bxb4 19.Bf4 Bxc3 20.Qxc3 Nd5 21.Qg3 Nxf4 22.Qxf4 Qxh4
23.Kg2 Qf6 24.Qg3 Nb6 25.Rab1 Qxd4 26.Rfd1 Qe5 27.Qe3 Kb8 28.c4 Re7 29.Rd4 h5
30.Rbd1 Ree8 31.Rh1 hxg4 32.Rxh8 Rxh8 33.Bxg4 f5 34.Bh3 Nc8 35.a4 Nd6 36.Qd2 Kc7
37.a5 f4 38.Rxd6 Qxd6 39.Qxd6 Kxd6 40.Bg4 Ke5 41.Kf1 Kd4 42.Be6 f3 43.Kg1 e3
44.fxe3 Kxe3 0-1

[Event "Cto. Navarra Absoluto por Equipos 2018"]
[Site "?"]
[Date "2018.11.10"]
[Round "5"]
[White "Atipov Hadzhiev, Cristian"]
[Black "Marques Jalle, Jose Antonio"]
[Result "1/2-1/2"]
[EventDate "2018.10.13"]
[WhiteElo "1726"]
[BlackElo "1619"]

1.e4 c6 2.Ne2 d5 3.e5 d4 4.c3 c5 5.cxd4 cxd4 6.Qa4 Nc6 7.f4 a6 8.g3 b5 9.Qc2 Qd5
10.Rg1 Nb4 11.Qc7 Nd3 12.Kd1 Nf2 13.Ke1 1/2-1/2

[Event "Cto. Navarra Absoluto por Equipos 2018"]
[Site "?"]
[Date "2018.11.10"]
[Round "5"]
[White "Zubicoa Aznar, Santiago"]
[Black "Mugica Arratibel, Daniel"]
[Result "1-0"]
[EventDate "2018.10.13"]
[WhiteElo "1616"]
[BlackElo "1642"]

1.e4 c5 2.Nf3 Nc6 3.d4 cxd4 4.Nxd4 Nf6 5.Nc3 g6 6.Be3 Bg7 7.Bc4 O-O 8.O-O Qc7
9.Nd5 Qe5 10.Nxc6 dxc6 11.Bd4 Qxe4 12.Re1 Qh4 13.Nxe7 Kh8 14.g3 Qh3 15.Bf1 Qh5
16.Qxh5 Nxh5 17.Bxg7 Kxg7 18.Nxc8 Raxc8 19.Re7 Rb8 20.Rae1 Nf6 21.c4 Rfe8 22.b4
Kf8 23.R7e3 Rbd8 24.h3 Rd2 25.R3e2 Rexe2 26.Rxe2 Rxe2 27.Bxe2 Ne4 28.Bd3 Nd6
29.Kf1 Ke7 30.Ke2 f5 31.Ke3 Nf7 32.f4 b6 33.Kd4 Nd8 34.Ke5 Nf7 35.Kd4 Nd8 36.Ke5
Nf7 37.Kd4 Kd6 38.c5 bxc5 39.bxc5 Ke7 40.Bc4 h6 41.Bxf7 Kxf7 42.Ke5 Ke7 43.g4
fxg4 44.hxg4 a6 45.f5 gxf5 46.Kxf5 Kf7 47.a3 a5 48.a4 Ke7 49.Kg6 Ke6 50.Kxh6 Kd5
51.g5 Kxc5 52.g6 Kb4 53.g7 Kxa4 54.g8=Q Kb4 55.Qg4 Kb3 56.Qf3 Kb4 57.Qxc6 a4
58.Qd6 Kb3 59.Qd1 Ka3 60.Qa1 Kb3 61.Kg5 1-0

[Event "Cto. Navarra Absoluto por Equipos 2018"]
[Site "?"]
[Date "2018.11.10"]
[Round "5"]
[White "Insausti Goni, Sebastian"]
[Black "Ozaita Martinez, Tomas"]
[Result "1/2-1/2"]
[EventDate "2018.10.13"]
[WhiteElo "1845"]
[BlackElo "1806"]

1.e4 c6 2.Nc3 d5 3.Nf3 Bg4 4.d4 dxe4 5.Nxe4 e6 6.c3 Nf6 7.Bd3 Nxe4 8.Bxe4 Nd7
9.h3 Bh5 10.Qc2 Bg6 11.Bf4 Bxe4 12.Qxe4 Nf6 13.Qe2 Bd6 14.Ne5 Qc7 15.O-O O-O
16.Bg5 Be7 17.Rae1 Nd5 18.Bxe7 Qxe7 19.Qg4 Nf6 20.Qg5 Nd5 21.Qg3 Rad8 22.Re4 Nf6
23.Rh4 1/2-1/2

[Event "Cto. Navarra Absoluto por Equipos 2018"]
[Site "?"]
[Date "2018.11.10"]
[Round "5"]
[White "Arriazu Dominguez, Ivan"]
[Black "Flores Lazcoz, Jose Luis"]
[Result "1-0"]
[EventDate "2018.10.13"]
[WhiteElo "1832"]
[BlackElo "1727"]

1.c4 c6 2.Nf3 d5 3.g3 Nf6 4.Bg2 Bg4 5.O-O e6 6.cxd5 exd5 7.d3 Bd6 8.Bg5 h6
9.Bxf6 Qxf6 10.Qb3 Qe7 11.Nbd2 O-O 12.e4 dxe4 13.Nxe4 Rd8 14.Rfe1 Qc7 15.Nxd6
Rxd6 16.Re8 Kh7 17.Rae1 Re6 18.R8xe6 Bxe6 19.Rxe6 fxe6 20.Qxe6 Nd7 21.Nh4 Nf6
22.Bh3 h5 23.Bf5 Kh6 24.Be4 Qd7 25.Nf5 Kh7 26.Ne7 Kh6 27.Qf7 Qe8 28.Nf5 Kh7
29.Qxg7 1-0

[Event "Cto. Navarra Absoluto por Equipos 2018"]
[Site "?"]
[Date "2018.11.10"]
[Round "5"]
[White "Arana Oloron, Roberto"]
[Black "Roldan Marques, Marta"]
[Result "1-0"]
[EventDate "2018.10.13"]
[WhiteElo "1691"]
[BlackElo "1691"]

1.e4 e5 2.Nf3 Nc6 3.Bc4 Bc5 4.b4 Bxb4 5.c3 Be7 6.d4 exd4 7.O-O Nf6 8.e5 Ne4
9.cxd4 d5 10.Bb3 Bg4 11.h3 Bh5 12.g4 Bg6 13.Nh2 h5 14.f4 Nxd4 15.f5 Bh7 16.Bb2
Nxb3 17.axb3 c6 18.Nc3 Qb6 19.Kg2 Qe3 20.Rf3 Qd2 21.Qxd2 Nxd2 22.Rd3 Nxb3
23.Nxd5 Nxa1 24.Nc7 Kf8 25.Nxa8 Nc2 26.Rd7 b6 27.f6 gxf6 28.exf6 Ke8 29.Rxe7 Kd8
30.Rxf7 Be4 31.Kg3 hxg4 32.Nxg4 Bf5 33.Rxa7 Nb4 34.Nxb6 Rh5 35.f7 1-0

[Event "Cto. Navarra Absoluto por Equipos 2018"]
[Site "?"]
[Date "2018.11.10"]
[Round "5"]
[White "Romano Garcia, Ivan"]
[Black "Otano Villanueva, Joseba"]
[Result "0-1"]
[EventDate "2018.10.13"]
[WhiteElo "1559"]
[BlackElo "1686"]

1.d4 Nf6 2.Bf4 d5 3.c4 e6 4.cxd5 exd5 5.e3 Bb4 6.Nc3 c6 7.Bd3 O-O 8.Qc2 h6 9.Nf3
Re8 10.O-O Bd6 11.Bxd6 Qxd6 12.Ne5 a6 13.h3 c5 14.Rfe1 c4 15.Bf5 Nc6 16.Nxc6
Qxc6 17.Bxc8 Raxc8 18.Rac1 b5 19.f3 Rcd8 20.b4 Re6 21.a4 Rde8 22.Kf2 Qd7 23.axb5
axb5 24.Ra1 Qe7 25.Qd2 Rb8 26.Ra5 Qxb4 27.Ra7 Qd6 28.Rea1 b4 29.Na4 b3 30.Nc5
Re7 31.R7a6 Qd8 32.Qc3 Qe8 33.e4 Nd7 34.Nxd7 Qxd7 35.R6a4 b2 36.Ra8 b1=Q 37.Rxb1
Rxa8 0-1

[Event "Cto. Navarra Absoluto por Equipos 2018"]
[Site "?"]
[Date "2018.11.10"]
[Round "5"]
[White "Abaurrea San Juan, Xabier"]
[Black "Fuentes Guinot, Angel"]
[Result "0-1"]
[EventDate "2018.10.13"]
[WhiteElo "1359"]
[BlackElo "1446"]

1.d4 Nf6 2.Bf4 d5 3.e3 c5 4.c3 Nc6 5.Nd2 Bf5 6.Ngf3 Qb6 7.Qb3 c4 8.Qxb6 axb6
9.Be2 h6 10.O-O e6 11.a4 Be7 12.Rfc1 Na5 13.Bd1 O-O 14.Bc7 Ra6 15.h3 Rc8 16.Bh2
Rca8 17.Bc7 Ne8 18.Bg3 Nd6 19.b4 cxb3 20.Nxb3 Nxb3 21.Bxb3 b5 22.Ne5 bxa4 23.Bd1
a3 24.Bc2 Rb6 25.Bd3 a2 26.Bxf5 Nxf5 27.Bh2 Raa6 28.g4 Nh4 29.Bg3 Ng6 30.Nd3 Ba3
31.Rf1 Bb2 32.Nxb2 Rxb2 33.Bc7 Ra3 34.Rfc1 Rab3 35.Kg2 Rb1 36.Bd6 Rxc1 37.Rxc1
Rb1 0-1